000 03538cam a22012134i 4500
003 PE-LiUPU
005 20250813185427.0
008 190121s2008 sp pb 000 0 spa d
020 _a8480048530
020 _a9788480048538
035 _a(Sirsi) a251407
040 _aECLAE
_bspa
_cECLAE
_dPE-LiUPU
_erda
049 _aPRUA
082 4 _a364.155
_bV7
_220
245 0 0 _aViolencia de género :
_buna visión multidisciplinar /
_cTeresa San Segundo Manuel, directora.
264 1 _aMadrid :
_bRamón Areces,
_c[2008].
300 _a282 páginas ;
_c24 centímetros.
336 _atext
_2rdacontent
337 _aunmediated
_2rdamedia
338 _avolume
_2rdacarrier
504 _aBibliografía al finalizar cada capítulo.
505 0 _aOrigen y transmisión de la violencia de género -- El lenguaje de la violencia versus la violencia del lenguaje -- Análisis de la responsabilidad de los medios de comunicación: informar para prevenir. Los medios como formadores de opinión --La intervención de la medicina legal y forense en la violencia de género -- Causas y razones científicas de la perdurabilidad de la mujer en la violencia de género -- Los niños y las niñas expuestos(as) a violencia de género en su ámbito familiar: un tipo de maltrato infantil -- Psicología con agresores en violencia de género -- La ley de medidas de protección integral contra la violencia de genero ante el hostigamiento del maltratador -- Las leyes civiles ante el maltrato.
526 _aP202
526 _aP201
526 _aP163
526 _aP162
526 _aP161
526 _aP160
526 _aP148
526 _aP147
526 _aP146
526 _aP145
526 _aP144
526 _aP143
526 _aP142
526 _aP141
526 _aP140
526 _aP139
526 _aP138
526 _aP137
526 _aP136
526 _aP135
526 _aP134
526 _aP133
526 _aP129
526 _aP128
526 _aP127
526 _aP120
526 _aP119
526 _aP118
526 _aP116
526 _aP115
526 _aP114
526 _aP110
526 _aP109
526 _aP108
526 _aP104
526 _aP103
526 _aP102
526 _aP99
526 _aP98
526 _aP97
526 _aP96
526 _aP95
526 _aP93
526 _aP90
526 _aP89
526 _aP88
526 _aP83
526 _aP82
526 _aP62
526 _aP59
526 _aP58
526 _aP57
526 _aP51
526 _aP49
526 _aP48
526 _aP47
526 _aP29
526 _aP24
526 _aP20
526 _aP19
526 _aP17
526 _aP15
526 _aP14
526 _aP12
526 _aP10
526 _aP09
526 _aP08
526 _aP07
526 _aP06
526 _aP05
526 _aP04
526 _aP01
541 _gF002-00000789;
650 4 _aViolencia en la familia
_zEspanya.
650 4 _aMujeres víctimas de violencia..
700 1 _aSan Segundo Manuel, Teresa,
_edirectora.
910 _adbm
_bsag
_csag
_d20190121
942 _2ddc
_cBOOK
994 _aC0
_bPEPRU
596 _a1
999 _a364.155 V7
_wDEWEY
_c30812
_i79931
_d30812
_f2021-11-3
_g3
_lCCODEBUL1
_mBUL
_p64.10
_q3
_r0
_sY
_tBOOK
_u2019-1-21
_xSALUD
_zP33
_0COMPRA
_1FCOMPR2
_o.STAFF. Colección Ciencias de la Salud
980 _81
_gALBERTO SANCHEZ Responsable de Automatización